000 00631cam a2200217ua 4500
001 6936
005 20260515114130.0
008 140724n ii |||gr||||Z||||||asm
020 _a8173391777
040 _cMAIN
082 _a891.451
100 _aBuzarbaruah, Pallavi Deka,
_eEditor.,
245 _aPrasanga :
_basamiya sahitya aru sanskriti /
_ced by Pallavi Deka Buzarbaruah .
250 _a1st ed.
260 _aDibrugarh:
_bBanalata,
_c2011.
300 _a228p.
653 _aEast Indo-European & Celtic literatures
653 _aAsamiya sahitya aru sanskriti
700 _aHazarika, Jyotirekha,
_eEditor.
942 _cBK
999 _c6074
_d6074